01010 a2200193 4500003000500000005001700005040000900022082000800031100001800039245003600057260002300093300001000116505051700126538002900643650001400672942001200686999001900698952009900717Nust20170207153457.0 cNust a920 aNevinson .H.W aWords and deedscH. W. Nevinson aUsAbPenguin Books a160:p aHow Many Miles To Babylon (Page-13), The Catfish (Page-22), The Poet Of Freedom (Page-27), Not Without Honour (Page-37), The Gadely Of Freedom (Page-44), Deeds Not Words (Page-62), Greeks (Page-68), Farewell To Fleet Street (Page-77), Southward Bound (Page-83), At Sea (Page-85), In Central Africa (Page-86), Daily Self-Surpast (Page-87), Home Sweet Home (Page-102), A Challengeful Night (Page-104), A Vigil (Page-109), On The Blue Danube (Page-115), The Holy Spirit (Page-129), Judgment’s Dilemma (Page-145). aAlmirah No.60 Shelf No.4 aBiography 2ddccBK c187142d187142 00102ddc40708NFICaMCSbMCSd2016-12-12l0o920 NEVpMCS29874r2016-12-08w2016-12-12yBK